000 00300nam a22001337a 4500
008 170526b xxu||||| |||| 00| 0 eng d
020 _a54397
041 _aeng
080 _a621(075.8)
100 _a27
101 _aIM
245 _aCOMPLETE MANUAL OF HOME REPAIR
_cGRADSTONE, B
942 _2udc
_cBK
999 _c14472
_d14472